Normal view
MARC view
- Crispin, Frederick Swing C.E
Entry Personal Name
001 - CONTROL NUMBER
- control field: 1490
003 - CONTROL NUMBER IDENTIFIER
- control field: OSt
005 - DATE AND TIME OF LATEST TRANSACTION
- control field: 20160924151058.0
008 - FIXED-LENGTH DATA ELEMENTS
- fixed length control field: 160924|| aca||aabn | a|a d
040 ## - CATALOGING SOURCE
- Original cataloging agency: OSt
- Transcribing agency: OSt
100 ## - HEADING--PERSONAL NAME
- Personal name: Crispin, Frederick Swing C.E
670 ## - SOURCE DATA FOUND
- Source citation: Work cat.: (OSt)9213: Crispin, Frederick Swing C.E, Dictionary of Technical Terms / , 1970.
